Préfectures de France - Statistiques

Statistiques générales
  • Ce quiz a été pris 372 fois
    332 depuis la dernière actualisation
  • Le résultat moyen est 76 sur 101
Statistiques - réponses
Dep. Prefecture % Correct
13 Marseille
96%
67 Strasbourg
96%
59 Lille
95%
06 Nice
95%
33 Bordeaux
94%
69 Lyon
94%
31 Toulouse
94%
44 Nantes
93%
75 Paris
93%
35 Rennes
91%
2A Ajaccio
90%
2B Bastia
90%
14 Caen
90%
21 Dijon
90%
38 Grenoble
90%
54 Nancy
89%
29 Quimper
89%
76 Rouen
89%
63 Clermont-Ferrand
88%
57 Metz
88%
42 Saint-Étienne
88%
83 Toulon
88%
90 Belfort
87%
34 Montpellier
87%
45 Orléans
87%
74 Annecy
86%
01 Bourg-en-Bresse
86%
78 Versailles
86%
17 La Rochelle
85%
974 Saint-Denis
85%
80 Amiens
84%
49 Angers
84%
25 Besançon
84%
85 La Roche-sur-Yon
83%
72 Le Mans
83%
66 Perpignan
83%
30 Nîmes
82%
37 Tours
82%
68 Colmar
81%
86 Poitiers
81%
05 Gap
80%
87 Limoges
80%
64 Pau
80%
10 Troyes
80%
73 Chambéry
78%
56 Vannes
78%
26 Valence
77%
11 Carcassonne
76%
62 Arras
75%
84 Avignon
75%
22 Saint-Brieuc
75%
89 Auxerre
74%
09 Foix
73%
972 Fort-de-France
73%
58 Nevers
73%
79 Niort
72%
07 Privas
72%
36 Châteauroux
71%
19 Tulle
71%
81 Albi
70%
16 Angoulême
70%
28 Chartres
70%
53 Laval
70%
50 Saint-Lô
70%
08 Charleville-Mézières
69%
02 Laon
69%
40 Mont-de-Marsan
69%
60 Beauvais
68%
03 Moulins
68%
973 Cayenne
67%
12 Rodez
67%
61 Alençon
66%
18 Bourges
66%
77 Melun
66%
65 Tarbes
66%
15 Aurillac
65%
24 Périgueux
65%
51 Châlons-en-Champagne
64%
88 Épinal
64%
23 Guéret
64%
71 Mâcon
64%
82 Montauban
64%
92 Nanterre
64%
47 Agen
62%
41 Blois
62%
94 Créteil
62%
27 Évreux
61%
91 Évry
61%
32 Auch
60%
93 Bobigny
58%
04 Digne-les-Bains
58%
43 Le Puy-en-Velay
58%
48 Mende
57%
39 Lons-le-Saunier
56%
971 Basse-Terre
55%
95 Cergy
54%
46 Cahors
53%
70 Vesoul
52%
55 Bar-le-Duc
51%
976 Mamoudzou
50%
52 Chaumont
49%
Aucun quiz correspondant
Distribution des résultats
% des personnes avec chaque résultat
Percentile par nombre de réponses
Votre historique - résultats
Vous n’avez pas pris ce quiz depuis la dernière actualisation